Logo Biblioteca

Milla Loncó / (Registro nro. 944)

Detalles MARC
000 -LEADER
fixed length control field 01134nam a2200277 a 4500
003 - CONTROL NUMBER IDENTIFIER
control field AR-RoUNCS
005 - DATE AND TIME OF LATEST TRANSACTION
control field 20260306112713.0
007 - PHYSICAL DESCRIPTION FIXED FIELD--GENERAL INFORMATION
fixed length control field ta
008 - FIXED-LENGTH DATA ELEMENTS--GENERAL INFORMATION
fixed length control field 211116s2007 ag jr 001 f spa
015 ## - NATIONAL BIBLIOGRAPHY NUMBER
National bibliography number AR-2007
020 ## - INTERNATIONAL STANDARD BOOK NUMBER
International Standard Book Number 978-950-1054-9
040 ## - CATALOGING SOURCE
Original cataloging agency AR-BaBN
Language of cataloging spa
Transcribing agency AR-RoUNCS
Description conventions aacr
044 ## - COUNTRY OF PUBLISHING/PRODUCING ENTITY CODE
MARC country code ag
ISO country code ar-b
080 1# - UNIVERSAL DECIMAL CLASSIFICATION NUMBER
Universal Decimal Classification number 82-311.6(82)
Edition identifier 2016
100 1# - MAIN ENTRY--PERSONAL NAME
Personal name Otero, Rodolfo,
Dates associated with a name 1949-
Relator term autor
Relationship aut
245 10 - TITLE STATEMENT
Title Milla Loncó /
Statement of responsibility, etc. Rodolfo Otero.
260 ## - PUBLICATION, DISTRIBUTION, ETC.
Place of publication, distribution, etc. Buenos Aires :
Name of publisher, distributor, etc. Estrada,
Date of publication, distribution, etc. 2007.
300 ## - PHYSICAL DESCRIPTION
Extent 264 p. ;
Dimensions 19 cm.
490 0# - SERIES STATEMENT
Series statement Colección Azulejos. Serie Roja ;
Volume/sequential designation 10
520 3# - SUMMARY, ETC.
Summary, etc. Esta novela transcurre en el verano de 1876 a 1877. El protagonista, un chico de 12 años, se traslada con su familia de Buenos Aires a Trenque Lauquen, donde su padre ha sido designado médico del regimiento "3 de caballería", a cargo del Coronel Villegas. A partir de ese instante, un mundo lleno de aventuras se abre ante él.
Assigning source (Descripción del editor).
586 ## - AWARDS NOTE
Awards note Premio Robin Hood, 1983
650 #7 - SUBJECT ADDED ENTRY--TOPICAL TERM
Source of heading or term embne
Topical term or geographic name entry element Literatura argentina
655 #7 - INDEX TERM--GENRE/FORM
Genre/form data or focus term Novelas históricas
Source of term embne
655 #7 - INDEX TERM--GENRE/FORM
Genre/form data or focus term Novelas juveniles
Source of term embne
942 ## - ADDED ENTRY ELEMENTS (KOHA)
Source of classification or shelving scheme Universal Decimal Classification
Koha item type Obra General
Suppress in OPAC No
Existencias
Withdrawn status Lost status Source of classification or shelving scheme Damaged status Not for loan Collection Home library Current library Date acquired Total checkouts Full call number Barcode Date last seen Price effective from Koha item type
    Universal Decimal Classification     Colección General Biblioteca Escuela de Ciencias Sociales Biblioteca Escuela de Ciencias Sociales 06/08/2024   82-311.6(82) OT87 000257 06/08/2024 06/08/2024 Obra General
Biblioteca de la Escuela Preuniversitaria en Ciencias Sociales y Humanísticas.
Riobamba 250 bis.
CP 2000 - Rosario - Santa Fe
E-Mail: biblioteca@esociales.unr.edu.ar